000 00580cab a2200229 4500
001 X1104
008 090401t1993 xxu||||| |||| 00| 0 eng d
035 _a(Sirsi) u14708
041 _aeng
245 _aNew cables deal for farmers
260 _c1993
350 _a0
490 _aCS Monthly : Rural Practice
_v3(2) October 1993, 1(1)
650 _aCABLING
650 _aDISTURBANCE
650 _aLOCATION PAYMENT
650 _aMERCURY COMMUNICATIONS
690 _aHIGHWAYS RIGHTS OF WAY AND EASEMENTS
690 _aRURAL PRACTICE
942 _n0
948 _c04/03/1997
999 _c9598
_d9598